|
|
|
|
| LEADER |
00601nam a22001811a 4500 |
| 020 |
|
|
|a 9788182667884
|
| 082 |
|
|
|a M4
|b KES/N.2
|
| 100 |
|
|
|a Kesavamenon K P
|9 173124
|
| 245 |
|
|
|a Naam munnottu (vol.2)/
|c by Kesavamenon K P
|
| 250 |
|
|
|a 2nd
|
| 260 |
|
|
|a Kozhikode:
|b Mathrubhumi Books,
|c 2016.
|
| 300 |
|
|
|a 279p.
|
| 650 |
|
|
|a Essays Malayalam
|9 173125
|
| 650 |
|
|
|a Literature Malayalam
|9 173126
|
| 650 |
|
|
|a Literature
|9 173127
|
| 942 |
|
|
|c BK
|
| 999 |
|
|
|c 142392
|d 142392
|
| 952 |
|
|
|0 0
|1 0
|4 0
|6 M_4_000000000000000_KES_N_2
|7 0
|9 98614
|a SSUS
|b SSUS
|c STACKS
|d 2019-08-14
|g 220.00
|o M4 KES/N.2
|p 095739
|r 2019-08-14
|w 2019-08-14
|y BK
|